• 首页
  • 本馆介绍
  • 公告通知
  • 最新文献
  • 馆藏检索
  • 电子资源
  • 读者导购
  • 参考咨询
  • 我的图书馆
  • 登录
  • 详细信息显示
  • 放入我的书架
  • 预约/预借图书
  • 作者相关作品
  • 分类相关作品
  • 丛书相关作品
  • 出版社相关作品

书目信息

  • 表格格式
  • 工作单格式
  • 卡片格式
题名:
马克思劳动价值论的历史与现实
    
 
作者: 顾海良 , 张雷声 著
分册:  
出版信息: 北京   人民出版社  2002
页数: 307页
开本: 20cm
丛书名: 马克思主义的当代价值
单 册:
中图分类: F014.2
科图分类:
主题词: 马克思著作研究--价值论
电子资源:
ISBN: 7-01-003787-6
000 00718nam2 2200229 45
001 0405021148
005 20040502111527.1
010    @a7-01-003787-6@dCNY18.00
100    @a20040502d2002 km y0chiy0120 ea
101 0  @achi
105    @a z 000yy
200 1  @a马克思劳动价值论的历史与现实@AMa Ke Si Lao Dong Jia Zhi Lun De Li Shi Yu Xian Shi@f顾海良,张雷声著@FGu Hai Liang,Zhang Lei Sheng Zhu
210    @a北京@c人民出版社@d2002
215    @a307页@d20cm
225    @a马克思主义的当代价值
410    @12001 @a马克思主义的当代价值
606 0  @a马克思著作研究@x价值论
690    @aF014.2@v4
701  0 @a顾海良@4著
701  0 @a张雷声@4著
801    @aCN@bTSTCL@c20040502
905    @b334371-375@dF014.2@e177@f5
    
    马克思劳动价值论的历史与现实/顾海良,张雷声著.-北京:人民出版社,2002
    307页;20cm.-(马克思主义的当代价值)
    
    
    ISBN 7-01-003787-6:CNY18.00
    
●
相关链接 在E读中查询图书 在五车中查询图书 在当当中查询图书 在豆瓣中查询图书


正题名:马克思劳动价值论的历史与现实     索取号:F014.2/177         预约/预借

序号 登录号 条形码 馆藏地/架位号 状态 备注
1 0334371   203343710   第一借阅区/ [索取号:F014.2/177] 在馆    
2 0334372   203343729   第一借阅区/ [索取号:F014.2/177] 在馆    
3 0334373   203343738   第一借阅区/ [索取号:F014.2/177] 在馆    
4 0334374   203343747   第一借阅区/ [索取号:F014.2/177] 在馆    
5 0334375   203343756   第一样本阅览室/ [索取号:F014.2/177] 在馆    
唐山师范学院图书馆 欢迎您!
大连网信软件有限公司© 版权所有